000 01053nmm a2200325 a 4500
001 ocm0001916897
003 TR-IsHL
005 20201028173122.0
008 180905s2018 tu tur
007 cr cn
020 _a9789752475564
035 _a1916897
_b(N$T)
050 0 4 _aHN46.T9
_bT8 2018
090 0 4 _aHN46.T9
_bT8 2018
100 1 _aTunç, Bilal
245 1 0 _aAğrı halkevleri 1934-1951
_h[electronic resource] /
_cBilal Tunç
250 _a1. basım
260 _aKonya :
_bEğitim Yayınevi,
_c2018
300 _a224 p.
650 4 _aEğitim
650 4 _aEducation
650 0 _aAğrı Halkevleri
650 0 _aHalkevleri (Turkey)
650 0 _aCommunity centers
_xTurkey
_x Ağrı
650 0 _aToplum merkezleri
_xTürkiye
_x Ağrı
650 0 _aAdult education
_x Turkey
_x Ağrı
650 0 _aYetişkin eğitimi
_xTürkiye
_x Ağrı
650 7 _aEDUCATION / Adult & Continuing Education
_2bisacsh
856 4 0 _uhttp://search.ebscohost.com/login.aspx?direct=true&scope=site&db=e011xww&AN=1916897
999 _c17540
_d17540